=LDR 00000nam 2200000 4500 =001 INLIS000000000041465 =005 20130612151010 =008 ***********************************ing** =035 ##$$0010-061300000041465 =041 ##$$a ing =082 ##$$a 380.5 =090 ##$$a 380.5, Owe, a =100 ##$$a Owen, Wilfred =245 ##$$a Strategy for mobility, Transportation for the developing countries =260 ##$$a 1964 $b honolulu =300 ##$$a 249 hlm., 21 cm =650 ##$$a transpotasi =850 ##$$a NBPNMAT